Central Library OPAC University of Rajshahi

The last angry man / (Record no. 82619)

MARC details
000 -LEADER
fixed length control field 00718nam a2200241 a 4500
001 - CONTROL NUMBER
control field 82619
003 - CONTROL NUMBER IDENTIFIER
rucl marc code BD-RjUL
005 - DATE AND TIME OF LATEST TRANSACTION
control field 20240115144927.0
008 - FIXED-LENGTH DATA ELEMENTS--GENERAL INFORMATION
fixed length control field 240115s19591957nyu 000 0 eng d
035 ## - SYSTEM CONTROL NUMBER
System control number (BD-RjUL)82619
040 ## - CATALOGING SOURCE
Original cataloging agency BGU
Language of cataloging eng
Transcribing agency BD-RjUL
041 ## - LANGUAGE CODE
Language code of text/sound track or separate title eng
082 ## - DEWEY DECIMAL CLASSIFICATION NUMBER
Edition number 23
Classification number 813.52
Author mark and year GRL 1959
100 1# - MAIN ENTRY--PERSONAL NAME
Personal name Green, Gerald
9 (RLIN) 10838
245 14 - TITLE STATEMENT
Title The last angry man /
Statement of responsibility, etc. Gerald Green
260 ## - PUBLICATION, DISTRIBUTION, ETC. (IMPRINT)
Place of publication, distribution, etc. London :
Name of publisher, distributor, etc. Pan Books,
Date of publication, distribution, etc. 1957 [printing1959]
300 ## - PHYSICAL DESCRIPTION
Pagination 510 p.;
Size 18 cm.
500 ## - GENERAL NOTE
General note "Cardinal giant editions"
General note Reprint. originally published: New York : Scribner, 1957
650 ## - SUBJECT ADDED ENTRY--TOPICAL TERM
Topical term or geographic name as entry element New York (State)
General subdivision New York
-- Brooklyn
9 (RLIN) 10839
Topical term or geographic name as entry element Physicians
General subdivision Fiction
9 (RLIN) 10840
942 ## - ADDED ENTRY ELEMENTS (KOHA)
Source of classification or shelving scheme Dewey Decimal Classification
Koha item type Books
Holdings
Lost status Source of classification or shelving scheme Damaged status Not for loan Collection code Permanent Location Current Location Shelving location Date acquired Total Checkouts Full call number Date last seen Copy number Koha item type
  Dewey Decimal Classification   Not For Loan Fiction Central Library, University of Rajshahi Central Library, University of Rajshahi Reading Room 15/01/2024   813.52 GRL 1959 15/01/2024 C-1 Books